The A-Z of commercial leases (Record no. 103139)

MARC details
000 -LEADER
fixed length control field 01362cam a2200277 4500
008 - FIXED-LENGTH DATA ELEMENTS--GENERAL INFORMATION
fixed length control field 031028n2003 000 0 eng u
020 ## - INTERNATIONAL STANDARD BOOK NUMBER
International Standard Book Number 1858113245
035 ## - SYSTEM CONTROL NUMBER
System control number (Sirsi) u124087
041 ## - LANGUAGE CODE
Language code of text/sound track or separate title eng
050 ## - LIBRARY OF CONGRESS CALL NUMBER
Classification number 346.4104343
-- 18
100 ## - MAIN ENTRY--PERSONAL NAME
Personal name Martin, John.
245 #4 - TITLE STATEMENT
Title The A-Z of commercial leases
260 ## - PUBLICATION, DISTRIBUTION, ETC.
Place of publication, distribution, etc. Welwyn Garden City
Name of publisher, distributor, etc. Emis
Date of publication, distribution, etc. 2003
300 ## - PHYSICAL DESCRIPTION
Extent xvi, 174p.
Dimensions 24cm.
350 ## - PRICE (NR) (BK AM CF MU VM SE) [OBSOLETE]
Price 52
520 ## - SUMMARY, ETC.
Summary, etc. Focuses on a number of topics that commonly arise in the drafting and negotiating of a commercial lease. Topics include: the code of practice for commercial leases; the guide to good practice on service charges in commercial properties; British Property Federation short term commercial lease; BPF and British Council for Offices model clauses for an FRI office lease of whole; the proposed amendments to the Landlord and Tenant Act 1954; thoughts on ways of making greater use of the heads of terms stage of a lease negotiation have been thoroughly expounded. Topics are dealt with at varying levels of detail.
650 ## - SUBJECT ADDED ENTRY--TOPICAL TERM
Topical term or geographic name entry element COMMERCIAL LEASES
650 ## - SUBJECT ADDED ENTRY--TOPICAL TERM
Topical term or geographic name entry element CODE FOR LEASING BUSINESS PREMISES IN ENGLAND AND WALES
650 ## - SUBJECT ADDED ENTRY--TOPICAL TERM
Topical term or geographic name entry element SERVICE CHARGES
650 ## - SUBJECT ADDED ENTRY--TOPICAL TERM
Topical term or geographic name entry element SHORT TERM COMMERCIAL LEASE
650 ## - SUBJECT ADDED ENTRY--TOPICAL TERM
Topical term or geographic name entry element MODEL CLAUSES
650 ## - SUBJECT ADDED ENTRY--TOPICAL TERM
Topical term or geographic name entry element LANDLORD AND TENANT ACT 1954
650 ## - SUBJECT ADDED ENTRY--TOPICAL TERM
Topical term or geographic name entry element BCO
690 ## - LOCAL SUBJECT ADDED ENTRY--TOPICAL TERM (OCLC, RLIN)
Topical term or geographic name as entry element LANDLORD AND TENANT-LEASES
942 ## - ADDED ENTRY ELEMENTS (KOHA)
Suppress in OPAC 0
Holdings
Withdrawn status Lost status Source of classification or shelving scheme Damaged status Not for loan Home library Current library Shelving location Date acquired Cost, normal purchase price Total Checkouts Full call number Barcode Date last seen Date last checked out Copy number Cost, replacement price Price effective from Koha item type
    Other/Generic Classification Scheme     London London Books 27/02/2004 52.00 29 346.4104343 MAR 30068674 06/08/2019 18/09/2009 1 52.00 06/08/2019 Book